000
00305nam a2200145Ia 4500
003
OSt
005
20240326102408.0
008
170523s9999 xx 000 0 und d
020
_a
978-0130101303
040
_c
iimtu meerut
100
_a
SHARPE
245
0
_a
INVESTMENT
260
_b
PHI
942
_2
ddc
_c
02
999
_c
1897
_d
1897